Statistics for Bayern Munich - Borussia Dortmund 2015-2016

Click here to take the quiz!

General Stats

  • This quiz has been taken 351 times
  • The average score is 18 of 29

Answer Stats

Answer% Correct
R. Lewandowski ²
97%
Manuel Neuer
96%
Jérôme Boateng
94%
Mats Hummels
94%
Marco Reus
93%
Philipp Lahm
88%
T. Müller ²
84%
David Alaba
83%
Mario Götze ¹
83%
Pierre Aubameyang ¹
81%
Josep Guardiola
77%
Roman Bürki
77%
Thiago Alcantara
72%
Javi Martinez
69%
Kingsley Coman
61%
Joshua Kimmich
55%
L. Piszczek
54%
Xabi Alonso
54%
Douglas Costa
53%
Ilkay Gündogan
53%
Thomas Tuchel
53%
Shinji Kagawa
44%
Sokratis
43%
Sven Bender
43%
H. Mkhitaryan
41%
Arturo Vidal
36%
Julian Weigl
32%
Gonzalo Castro
30%
Adnan Januzaj
6%

Score Distribution

Percentile by Number Answered

Percent of People with Each Score

Your Score History

You have not taken this quiz